000
00249nam a2200097Ia 4500
001
712174
005
20250826162822.0
008
250824s9999 xx 000 0 und d
245
0
_a
KINDA DURAN ONUR PASLANIR
_c
NİHAT BEHRAM
260
_b
EVEREST YAYINLARI
999
_c
712174
_d
712174